000 00750nam a22001817a 4500
003 UA-OsUOA
001 15233
007 ta
008 20031103b un ||||| |||| 00| 0 ukr d
100 _aЯщук В.
942 _cSA
040 _aUA-OsUOA
_cUA-OsUOA
_dUA-OsUOA
245 _aЗавжди є чому повчитися: [Відбулося виїзне засід. колегії облдержадмін. по діяльн. Радивилів. райдержадмін. щодо реалізації прогр. соц.-культ. розвитку р-ну]
300 _aС.1, 2
955 _a0
773 0 _w0
_tПрапор перемоги
_dРадивилів
_d2003
_g№73/ 16 верес./
650 7 _aКраєзнавча робота
_2UDC
999 _c301398
_d301398